Essentials of chemical reaction engineering / (Record no. 17546)
[ view plain ]
| 000 -LEADER | |
|---|---|
| fixed length control field | 01020nam a22003011a 4500 |
| 001 - CONTROL NUMBER | |
| control field | 015889172 |
| 003 - CONTROL NUMBER IDENTIFIER | |
| control field | OSt |
| 005 - DATE AND TIME OF LATEST TRANSACTION | |
| control field | 20201128020950.0 |
| 006 - FIXED-LENGTH DATA ELEMENTS--ADDITIONAL MATERIAL CHARACTERISTICS--GENERAL INFORMATION | |
| fixed length control field | a||||f ||z 00| 0 |
| 008 - FIXED-LENGTH DATA ELEMENTS--GENERAL INFORMATION | |
| fixed length control field | 120522t2011 xxua fr 001 0 eng d |
| 010 ## - LIBRARY OF CONGRESS CONTROL NUMBER | |
| LC control number | 2010022352 |
| 020 ## - INTERNATIONAL STANDARD BOOK NUMBER | |
| International Standard Book Number | 0132119366 (pbk.) |
| 020 ## - INTERNATIONAL STANDARD BOOK NUMBER | |
| International Standard Book Number | 9780132119368 (pbk.) |
| 040 ## - CATALOGING SOURCE | |
| Original cataloging agency | EG-ScBUE |
| 082 00 - DEWEY DECIMAL CLASSIFICATION NUMBER | |
| Classification number | 660.2832 |
| Edition number | 22 |
| Item number | FOG |
| 100 1# - MAIN ENTRY--PERSONAL NAME | |
| Personal name | Fogler, H. Scott |
| 9 (RLIN) | 817 |
| 245 10 - TITLE STATEMENT | |
| Title | Essentials of chemical reaction engineering / |
| Statement of responsibility, etc | H. Scott Fogler. |
| 250 ## - EDITION STATEMENT | |
| Edition statement | International ed. |
| 260 ## - PUBLICATION, DISTRIBUTION, ETC. (IMPRINT) | |
| Place of publication, distribution, etc | Boston, United States : |
| Name of publisher, distributor, etc | Pearson Education, |
| Date of publication, distribution, etc | c.2011. |
| 300 ## - PHYSICAL DESCRIPTION | |
| Extent | xxix, 708 p. : |
| Other physical details | ill. ; |
| Dimensions | 26 cm. + |
| Accompanying material | CD-ROM (4 3/4 in.) |
| 490 0# - Series Statement | |
| Series statement | Prentice-Hall International series in the physical and chemical engineering sciences |
| 500 ## - GENERAL NOTE | |
| General note | Index : p. 685-708. |
| 650 #0 - SUBJECT ADDED ENTRY--TOPICAL TERM | |
| Topical term or geographic name as entry element | Chemical reactors |
| General subdivision | Design and construction |
| 9 (RLIN) | 33727 |
| 650 #0 - SUBJECT ADDED ENTRY--TOPICAL TERM | |
| Topical term or geographic name as entry element | Chemical reactors |
| 9 (RLIN) | 36418 |
| 653 ## - INDEX TERM--UNCONTROLLED | |
| Resource For college | Engineering, Chemical |
| Arrived date list | September2013 |
| -- | November2014 |
| 655 ## - INDEX TERM--GENRE/FORM | |
| Form subdivision | |
| -- | 33728 |
| 942 ## - ADDED ENTRY ELEMENTS (KOHA) | |
| Source of classification or shelving scheme | Dewey Decimal Classification |
| Item type | Book - Borrowing |
| Call number prefix | 660.2832 FOG |
| Withdrawn status | Item status | Source of classification or shelving scheme | Damaged status | Not for loan | Vendor | Home library | Current library | Shelving location | Date acquired | Source of acquisition | Total Checkouts | Full call number | Barcode | Date last seen | Koha item type | Total Renewals | Date last borrowed |
|---|---|---|---|---|---|---|---|---|---|---|---|---|---|---|---|---|---|
| Dewey Decimal Classification | Baccah | Central Library | Central Library | First floor | 24/09/2013 | 660.2832 FOG | 000028910 | 15/07/2025 | NB - Book (Non borrowing) | ||||||||
| Dewey Decimal Classification | Baccah | Central Library | Central Library | First floor | 24/09/2013 | 1 | 660.2832 FOG | 000028912 | 15/07/2025 | Book - Borrowing | 4 | 11/11/2013 | |||||
| Dewey Decimal Classification | Baccah | Central Library | Central Library | First floor | 24/09/2013 | 4 | 660.2832 FOG | 000028911 | 15/07/2025 | Book - Borrowing | 20 | 02/02/2021 | |||||
| Dewey Decimal Classification | Baccah | Central Library | Central Library | First floor | 24/09/2013 | 660.2832 FOG | 000028913 | 24/08/2022 | CD | DVD - With book | ||||||||
| Dewey Decimal Classification | Baccah | Central Library | Central Library | First floor | 24/09/2013 | 1 | 660.2832 FOG | 000028914 | 24/08/2022 | CD | DVD - With book (NB) | 1 | 26/09/2013 | |||||
| Dewey Decimal Classification | Baccah | Central Library | Central Library | First floor | 03/11/2014 | 3 | 660.2832 FOG | 000036935 | 15/07/2025 | Book - Borrowing | 16 | 13/10/2019 | |||||
| Dewey Decimal Classification | Baccah | Central Library | Central Library | First floor | 03/11/2014 | 660.2832 FOG | 000036936 | 24/08/2022 | CD | DVD - With book |